000 01160ncm a2200301 a 4500
999 _c349379
_d349379
003 BLK
005 20241017135948.0
008 200324b bu ||||| |||| 00| 0 bu d
040 _aBLK
041 _aBUL
_cBUL
080 _aИнструментална музика
_b785
_z785(497.2)
_x(497.2)
100 _aКараиванов, Стоян Иванов
_eпърви автор
_91299
139 _aКараиванов, Стоян Иванов
_bК 31
245 _aЕтюди в българските народни интонации и метроритми
_bНотирана музика : за валдхорна
_cСтоян Караиванов
260 _9209430
_aСофия
_bМузика
_c1977
300 _a24 с.
_cс ноти
_b33 см
380 _a7
500 _a242 тир.
653 7 _9189136
_aконцертни етюди
653 7 _9182842
_aвалдхорни
653 0 _9402754
_aбългарски народни интонации
852 _aМ ІІ 7335
942 _cNOT
_n0
_s1
_09
944 _aCR
_c2020-03-24
_lРусанова Ирена
_k30542
999 _d349379
999 _d349378
999 _d349376